Olivia Rodrigo - girl i've always been - Statistics

General Stats
  • This quiz has been taken 80 times
  • The average score is 197 of 254
Answer Stats
Lyrics % Correct
a
100%
always
100%
the
100%
be
96%
been
96%
girl
96%
I
96%
I've
96%
you
96%
You
96%
am
93%
have
93%
me,
93%
me
93%
my
93%
that
93%
then,
93%
in
89%
say
89%
Say
89%
But
85%
but
85%
I'm
85%
on
85%
That's
85%
thing
85%
your
85%
"Baby
81%
changed"
81%
doll,
81%
go?
81%
not
81%
an
78%
And
78%
don't
78%
who
78%
get
74%
got
74%
head
74%
if
74%
inside
74%
out
74%
out,
74%
So
74%
so
74%
again
70%
can't
70%
men
70%
nothing
70%
panic
70%
perfect
70%
ten
70%
up
70%
with
70%
you're
70%
You're
70%
acting
67%
as
67%
different
67%
game
67%
know
67%
down
63%
empty
63%
friends
63%
I'll
63%
name
63%
rooms
63%
wind
63%
Yeah,
63%
years
63%
anymore
59%
become
59%
bed
59%
beyond
59%
call
59%
candle
59%
consistent
59%
crooked
59%
tears
59%
all
56%
couch
56%
cruel
56%
Cursing
56%
door
56%
Eight
56%
fighting
56%
Five
56%
from
56%
Seven
56%
Six
56%
turn
56%
walking
56%
woke
56%
wrapped
56%
ask
52%
how
52%
Now
52%
right
52%
trash
52%
Well,
52%
beginning
48%
could
48%
knew
48%
parade
48%
told
48%
tongue
48%
captors
44%
case,
44%
over
44%
venom
44%
everything
41%
you'd
41%
cold
37%
dreamed
37%
getting
37%
never
37%
rained
37%
I'd
33%
No matching quizzes found
Score Distribution
Percent of People with Each Score
Percentile by Number Answered
Your Score History
You have not taken this quiz